Úľava zo sankcie, alebo odpustenie sankcie na žiadosť daňového subjektu

Platnosť nového zákona č. 563/2009 Z. z. o správe daní a o zmene a doplnení niektorých zákonov od 1.1.2012. Spôsoby, ktorými možno vykonať platbu dane. Kto sa dopustí správneho deliktu. Sankcie za správne delikty, proti ktorým je možné sa odvolať. Žiadosť o povolenie úľavy alebo odpustenie sankcie.

Enregistré dans:
Détails bibliographiques
Auteur principal: Válek, Juraj, 1981-
Format: Chapitre de livre
Langue:slovaque
Sujets:
Tags: Ajouter un tag
Pas de tags, Soyez le premier à ajouter un tag!

MARC

LEADER 00000nla a2200000 4500
001 0158549
005 20240502072748.2
041 0 |a slo 
044 |a SK 
245 1 0 |a Úľava zo sankcie, alebo odpustenie sankcie na žiadosť daňového subjektu  |c Juraj Válek 
520 |a Platnosť nového zákona č. 563/2009 Z. z. o správe daní a o zmene a doplnení niektorých zákonov od 1.1.2012. Spôsoby, ktorými možno vykonať platbu dane. Kto sa dopustí správneho deliktu. Sankcie za správne delikty, proti ktorým je možné sa odvolať. Žiadosť o povolenie úľavy alebo odpustenie sankcie. 
610 2 0 |a dane 
610 2 0 |a priznania daňové 
610 2 0 |a legislatíva 
610 2 0 |a sankcie 
610 2 0 |a priestupky 
100 1 |a Válek, Juraj, 1981-